000 00470nam a22001817a 4500
005 20260406125830.0
008 260406b |||||||| |||| 00| 0 eng d
037 _cDSWL
040 _aDSWL
_cDSWL
041 _heng
100 _aGangrade, K.D.
245 _aSocial Legislation in India
250 _aV1
260 _aNewl Delhi,
_bConcept Publishing,
_c2011
365 _aINR
_b750
942 _2CC
_cTEXL
_n0
999 _c1847980
_d1847980